| 000 | 00660nam a2200193Ia 4500 | ||
|---|---|---|---|
| 003 | GCL | ||
| 008 | 140319s9999 xx 000 0 ara d | ||
| 020 | _a9073142977 | ||
| 040 |
_aGCL / _cGCL |
||
| 082 | 0 | 4 |
_aق _b962.071 _bع ا |
| 100 | 1 | _aعمر التلمسانى | |
| 245 | 1 | 0 |
_aايام مع السادات / _cعمر التلمسانى |
| 260 |
_aالقاهرة : _bدار الاعتصام ، _c1984 |
||
| 300 |
_a144 ص ؛ _c22 سم |
||
| 650 | 0 | 4 | _aحرب اكتوبر 1973 |
| 650 | 0 | 4 | _aمصر - الاحوال السياسية |
| 650 | 0 | 4 | _aمصر - تاريخ - العصر الحديث - انور السادات (1971 - 1981) |
| 942 |
_2ddc _cBK |
||
| 999 |
_c58290 _d58290 |
||